[Event "IECC CL4-2021.02 email"]
[Site "IECC email"]
[Date "2021.08.03"]
[Round "?"]
[White "Winbush, Jerome"]
[Black "Hargreaves, Richard"]
[Result "1-0"]
[WhiteElo "1700"]
[BlackElo "1606"]
[PlyCount "65"]
[EventDate "2021.??.??"]
[EventType "tourn (corr)"]
[EventRounds "4"]
[SourceTitle "Corr 2024"]
[Source "ChessBase"]
[SourceDate "2023.10.19"]
[SourceVersion "1"]
[SourceVersionDate "2023.10.19"]
[SourceQuality "1"]
[WhiteTeam "Vereinigte Staaten"]
[BlackTeam "England"]
[WhiteTeamCountry "USA"]
[BlackTeamCountry "ENG"]

1. Nf3 Nf6 2. c4 e6 3. g3 Be7 4. Bg2 d5 5. d4 c6 6. 0-0 0-0 7. Qc2 Nbd7 8. Nbd2 a6 9. e4 a5 10. Re1 dxe4 11. Nxe4 Nxe4 12. Qxe4 Nf6 13. Qe2 Bb4 14. Rd1 Bd6 15. Ne5 Nd7 16. Bf4 Bxe5 17. dxe5 Qc7 18. Rd2 c5 19. Rad1 Ra6 20. Qh5 a4 21. Be4 h6 22. Bc2 a3 23. b3 Re8 24. g4 Nf8 25. g5 g6 26. Qxh6 Qe7 27. Rd3 f5 28. gxf6 Qh7 29. Qg5 Kf7 30. Rg3 b6 31. h4 Kg8 32. h5 Ra7 33. hxg6 1-0

[Event "SC-2021-0-00409"]
[Site "LSS email"]
[Date "2021.08.01"]
[Round "?"]
[White "Vio, Mauro"]
[Black "Winbush, Jerome"]
[Result "1-0"]
[WhiteElo "1565"]
[BlackElo "1686"]
[PlyCount "53"]
[EventDate "2021.05.07"]
[EventType "tourn (corr)"]
[EventRounds "6"]
[EventCountry "GER"]
[SourceTitle "Corr 2024"]
[Source "ChessBase"]
[SourceDate "2023.10.19"]
[SourceVersion "1"]
[SourceVersionDate "2023.10.19"]
[SourceQuality "1"]

1. d4 d5 2. c4 e6 3. g3 Nf6 4. Nf3 Bb4+ 5. Bd2 Bxd2+ 6. Nbxd2 0-0 7. Bg2 b6 8. Rc1 Nbd7 9. 0-0 c5 10. Ne5 Nxe5 11. dxe5 Ng4 12. Nf3 Bb7 13. cxd5 Bxd5 14. Qa4 f5 15. h3 Nh6 16. Rfd1 Qc7 17. b4 c4 18. Ng5 Bxg2 19. Kxg2 Qb7+ 20. f3 b5 21. Qa5 Nf7 22. Nxf7 Kxf7 23. Rd6 Rfc8 24. Rcd1 Rc7 25. Qa3 h6 26. g4 fxg4 27. hxg4 1-0

[Event "SC-2020-0-00399"]
[Site "LSS email"]
[Date "2020.12.16"]
[Round "?"]
[White "Henke, Simon"]
[Black "Winbush, Jerome"]
[Result "1/2-1/2"]
[WhiteElo "1670"]
[BlackElo "1681"]
[PlyCount "85"]
[EventDate "2020.10.01"]
[EventType "tourn (corr)"]
[EventRounds "6"]
[EventCountry "GER"]
[SourceTitle "Corr 2024"]
[Source "ChessBase"]
[SourceDate "2023.10.19"]
[SourceVersion "1"]
[SourceVersionDate "2023.10.19"]
[SourceQuality "1"]

1. Nf3 c5 2. g3 d5 3. Bg2 Nc6 4. d4 Nf6 5. 0-0 e6 6. c4 dxc4 7. dxc5 Qxd1 8. Rxd1 Bxc5 9. Nbd2 c3 10. bxc3 0-0 11. Nb3 Be7 12. c4 Bd7 13. Bb2 Rfd8 14. Nfd4 Rac8 15. Nb5 b6 16. Nd6 Bxd6 17. Rxd6 Be8 18. Rd3 Rxd3 19. exd3 Rd8 20. Bf1 e5 21. Bc3 Nd7 22. Re1 f6 23. Bg2 Nc5 24. Nxc5 bxc5 25. Bd5+ Kf8 26. Rb1 Rb8 27. Rxb8 Nxb8 28. Be4 Bg6 29. Bxg6 hxg6 30. f4 exf4 31. gxf4 Ke7 32. Kf2 Kd6 33. Ke3 a6 34. d4 cxd4+ 35. Kxd4 Nc6+ 36. Ke4 Kc5 37. Kd3 Nd8 38. a3 Kb6 39. Bb4 Ne6 40. Ke4 a5 41. Bd2 Kc5 42. Kd3 Kb6 43. Ke4 1/2-1/2

[Event "SC-2020-0-00399"]
[Site "LSS email"]
[Date "2020.11.30"]
[Round "?"]
[White "Winbush, Jerome"]
[Black "Martins, Karin"]
[Result "1/2-1/2"]
[WhiteElo "1681"]
[BlackElo "1665"]
[PlyCount "42"]
[EventDate "2020.10.01"]
[EventType "tourn (corr)"]
[EventRounds "6"]
[EventCountry "GER"]
[SourceTitle "Corr 2024"]
[Source "ChessBase"]
[SourceDate "2023.10.19"]
[SourceVersion "1"]
[SourceVersionDate "2023.10.19"]
[SourceQuality "1"]

1. e4 e5 2. Nf3 Nc6 3. d4 exd4 4. Bc4 Be7 5. Nxd4 Nf6 6. Nc3 d6 7. 0-0 0-0 8. h3 Bd7 9. Re1 Re8 10. Bf4 a6 11. Nxc6 Bxc6 12. Bb3 a5 13. a4 Nd7 14. Qh5 Rf8 15. Rad1 Nc5 16. e5 Nxb3 17. cxb3 d5 18. Re3 Qd7 19. Ne2 Bc5 20. Rg3 f6 21. Bh6 Rf7 1/2-1/2

[Event "SC-2020-0-00389"]
[Site "LSS email"]
[Date "2020.05.02"]
[Round "?"]
[White "Winbush, Jerome"]
[Black "Martins, Karin"]
[Result "1/2-1/2"]
[WhiteElo "1659"]
[BlackElo "1682"]
[PlyCount "38"]
[EventDate "2020.02.22"]
[EventType "tourn (corr)"]
[EventRounds "6"]
[EventCountry "GER"]
[SourceTitle "Corr 2024"]
[Source "ChessBase"]
[SourceDate "2023.10.19"]
[SourceVersion "1"]
[SourceVersionDate "2023.10.19"]
[SourceQuality "1"]

1. Nf3 d5 2. d4 e6 3. c4 Nf6 4. g3 Be7 5. Bg2 0-0 6. 0-0 b6 7. Nc3 c6 8. Ne5 Bb7 9. e4 Na6 10. Bf4 dxc4 11. Nxc4 b5 12. Ne3 Qb6 13. e5 Nd5 14. Ncxd5 cxd5 15. Nc2 Rac8 16. Be3 b4 17. Ne1 Nb8 18. f4 Ba6 19. Rf2 Nd7 1/2-1/2

[Event "SC-2019-0-00373"]
[Site "LSS email"]
[Date "2019.07.02"]
[Round "?"]
[White "Gronbech, Torsten"]
[Black "Winbush, Jerome"]
[Result "1-0"]
[WhiteElo "1700"]
[BlackElo "1727"]
[PlyCount "23"]
[EventDate "2019.03.12"]
[EventType "tourn (corr)"]
[EventRounds "6"]
[EventCountry "GER"]
[SourceTitle "Corr 2022"]
[Source "ChessBase"]
[SourceDate "2021.10.24"]
[SourceVersion "1"]
[SourceVersionDate "2021.10.24"]
[SourceQuality "1"]

1. c4 c6 2. e4 d5 3. Nc3 d4 4. Nb1 e5 5. Nf3 Nf6 6. d3 Bd6 7. Be2 0-0 8. 0-0 h6 9. Nbd2 a5 10. a4 Na6 11. b3 Nd7 12. Ba3 1-0

[Event "SC-2019-0-00373"]
[Site "LSS email"]
[Date "2019.07.01"]
[Round "?"]
[White "Winbush, Jerome"]
[Black "Ilyin, Igor"]
[Result "0-1"]
[WhiteElo "1727"]
[BlackElo "1931"]
[PlyCount "26"]
[EventDate "2019.03.12"]
[EventType "tourn (corr)"]
[EventRounds "6"]
[EventCountry "GER"]
[SourceTitle "Corr 2022"]
[Source "ChessBase"]
[SourceDate "2021.10.24"]
[SourceVersion "1"]
[SourceVersionDate "2021.10.24"]
[SourceQuality "1"]

1. Nf3 Nf6 2. c4 g6 3. g3 Bg7 4. Bg2 0-0 5. 0-0 d6 6. d4 Nc6 7. Nc3 a6 8. d5 Na5 9. Nd2 c5 10. Qc2 Re8 11. Rb1 Rb8 12. b3 e6 13. e4 Bd7 0-1

[Event "IECC CL4-2019.01 email"]
[Site "IECC email"]
[Date "2019.04.14"]
[Round "?"]
[White "Balmelle, Jean Luc"]
[Black "Winbush, Jerome"]
[Result "0-1"]
[WhiteElo "1629"]
[BlackElo "1650"]
[PlyCount "40"]
[EventDate "2019.??.??"]
[EventType "tourn (corr)"]
[EventRounds "4"]
[SourceTitle "Corr 2020"]
[Source "ChessBase"]
[SourceDate "2019.09.30"]
[SourceVersion "1"]
[SourceVersionDate "2019.09.30"]
[SourceQuality "1"]
[WhiteTeam "France"]
[BlackTeam "United States"]
[WhiteTeamCountry "FRA"]
[BlackTeamCountry "USA"]

1. b3 d5 2. Bb2 Nf6 3. e3 Bg4 4. Qc1 e6 5. c4 c6 6. Ne2 Nbd7 7. Nbc3 Bd6 8. h3 Bf5 9. Nd4 Bg6 10. Be2 dxc4 11. bxc4 Nc5 12. Nb3 Nd3+ 13. Bxd3 Bxd3 14. Ne2 Ne4 15. c5 Qg5 16. cxd6 Qxg2 17. Rf1 Bxe2 18. Kxe2 Ng3+ 19. Kd3 Qe4+ 20. Kc3 Ne2# 0-1

[Event "IECC CL4-2019.01 email"]
[Site "IECC email"]
[Date "2019.04.14"]
[Round "?"]
[White "Vio, Mauro"]
[Black "Winbush, Jerome"]
[Result "0-1"]
[WhiteElo "1732"]
[BlackElo "1666"]
[PlyCount "74"]
[EventDate "2019.??.??"]
[EventType "tourn (corr)"]
[EventRounds "4"]
[SourceTitle "Corr 2020"]
[Source "ChessBase"]
[SourceDate "2019.09.30"]
[SourceVersion "1"]
[SourceVersionDate "2019.09.30"]
[SourceQuality "1"]
[WhiteTeam "Italy"]
[BlackTeam "United States"]
[WhiteTeamCountry "ITA"]
[BlackTeamCountry "USA"]

1. d4 d5 2. Nc3 Nf6 3. e3 Bf5 4. Bd3 Bxd3 5. Qxd3 c6 6. Nge2 Nbd7 7. 0-0 e6 8. f3 e5 9. e4 exd4 10. Nxd4 Bc5 11. exd5 0-0 12. Re1 Qb6 13. Be3 Ne5 14. Qd1 Nxd5 15. Nxd5 cxd5 16. b3 Rae8 17. c3 Nc6 18. Kf2 f5 19. b4 Bxd4 20. Bxd4 Rxe1 21. Kxe1 Nxd4 22. Qxd4 Qxd4 23. cxd4 Rc8 24. a3 Rc2 25. Kf1 Rc3 26. Re1 Rxa3 27. Re5 Kf7 28. Rxf5+ Ke6 29. Re5+ Kd6 30. Re8 Rb3 31. Rh8 h6 32. Rh7 Rxb4 33. Rxg7 a5 34. Rg6+ Kc7 35. Rxh6 a4 36. Rh8 Rb6 37. Ra8 Ra6 0-1

[Event "IECC CL4-2019.01 email"]
[Site "IECC email"]
[Date "2019.04.14"]
[Round "?"]
[White "Winbush, Jerome"]
[Black "Keiper, Archie"]
[Result "1-0"]
[WhiteElo "1678"]
[BlackElo "1752"]
[PlyCount "59"]
[EventDate "2019.??.??"]
[EventType "tourn (corr)"]
[EventRounds "4"]
[SourceTitle "Corr 2024"]
[Source "ChessBase"]
[SourceDate "2023.10.19"]
[SourceVersion "1"]
[SourceVersionDate "2023.10.19"]
[SourceQuality "1"]
[WhiteTeam "Vereinigte Staaten"]
[BlackTeam "Vereinigte Staaten"]
[WhiteTeamCountry "USA"]
[BlackTeamCountry "USA"]

1. Nf3 g6 2. c4 Bg7 3. g3 c5 4. Bg2 e5 5. 0-0 Ne7 6. Nc3 0-0 7. d3 Nbc6 8. a3 h6 9. Rb1 d5 10. cxd5 Nxd5 11. Nxd5 Qxd5 12. Be3 b6 13. Nd4 Qxg2+ 14. Kxg2 Nxd4 15. b4 cxb4 16. axb4 Be6 17. Bxd4 exd4 18. Qa4 Rfe8 19. Rfc1 Re7 20. Rb2 Bd7 21. Qa6 Rae8 22. Rbc2 Be6 23. Rc7 Bd5+ 24. Kf1 Rxe2 25. Rc8 Bf3 26. Qxa7 Bg4 27. Rxe8+ Rxe8 28. Kg2 Bf5 29. Rc7 Bxd3 30. Rxf7 1-0

[Event "SC-2018-0-00353"]
[Site "LSS email"]
[Date "2018.06.10"]
[Round "?"]
[White "Suwara, Kazimierz"]
[Black "Winbush, Jerome"]
[Result "1-0"]
[WhiteElo "1742"]
[BlackElo "1780"]
[PlyCount "40"]
[EventDate "2018.04.15"]
[EventType "tourn (corr)"]
[EventRounds "6"]
[EventCountry "GER"]
[SourceTitle "Corr 2022"]
[Source "ChessBase"]
[SourceDate "2021.10.24"]
[SourceVersion "1"]
[SourceVersionDate "2021.10.24"]
[SourceQuality "1"]

1. d4 d5 2. Nc3 Nf6 3. Bg5 c5 4. e3 Nc6 5. Nf3 Bg4 6. Be2 e6 7. 0-0 h6 8. Bh4 Be7 9. h3 Bxf3 10. Bxf3 cxd4 11. exd4 Qb6 12. Bxf6 Bxf6 13. Bxd5 Nxd4 14. Bc4 0-0-0 15. Rb1 Kb8 16. Re1 Bh4 17. Na4 Qc6 18. b3 b5 19. Bd3 bxa4 20. bxa4+ Kc8 1-0

[Event "CP-2017-P-00011"]
[Site "LSS email"]
[Date "2017.09.27"]
[Round "?"]
[White "Sidenko, Anatoly"]
[Black "Winbush, Jerome"]
[Result "1-0"]
[WhiteElo "2402"]
[BlackElo "1777"]
[PlyCount "23"]
[EventDate "2017.10.01"]
[EventType "tourn (corr)"]
[EventRounds "6"]
[EventCountry "GER"]
[SourceTitle "Corr 2022"]
[Source "ChessBase"]
[SourceDate "2021.10.24"]
[SourceVersion "1"]
[SourceVersionDate "2021.10.24"]
[SourceQuality "1"]

1. d4 d5 2. Nd2 Nf6 3. c4 dxc4 4. e3 Nc6 5. Ngf3 b5 6. a4 Bf5 7. Nh4 Bd3 8. Bxd3 cxd3 9. axb5 Nb4 10. 0-0 Qd5 11. Ra5 e6 12. Qa4 1-0

[Event "CP-2017-P-00011"]
[Site "LSS email"]
[Date "2017.09.27"]
[Round "?"]
[White "Winbush, Jerome"]
[Black "Hoehne, Volkmar"]
[Result "1/2-1/2"]
[WhiteElo "1777"]
[BlackElo "2016"]
[PlyCount "57"]
[EventDate "2017.10.01"]
[EventType "tourn (corr)"]
[EventRounds "6"]
[EventCountry "GER"]
[SourceTitle "Corr 2022"]
[Source "ChessBase"]
[SourceDate "2021.10.24"]
[SourceVersion "1"]
[SourceVersionDate "2021.10.24"]
[SourceQuality "1"]

1. Nf3 Nf6 2. c4 e6 3. Nc3 d5 4. d4 Be7 5. e3 0-0 6. Bd3 dxc4 7. Bxc4 c5 8. 0-0 Nc6 9. a3 a6 10. dxc5 Bxc5 11. b4 Bd6 12. Bb2 b5 13. Bd3 Bb7 14. Qe2 Qe7 15. Ne4 Nxe4 16. Bxe4 f5 17. Bd3 g5 18. h3 Rad8 19. Rad1 g4 20. Nh2 Be5 21. hxg4 Qg7 22. Bxe5 Nxe5 23. f3 Bd5 24. Rf2 Rc8 25. gxf5 Bb3 26. Re1 Rc3 27. Bb1 exf5 28. e4 Bc4 29. Qd2 1/2-1/2

[Event "SC-2017-0-00320"]
[Site "LSS email"]
[Date "2017.04.13"]
[Round "?"]
[White "Winbush, Jerome"]
[Black "Csernus, Robert"]
[Result "0-1"]
[WhiteElo "1825"]
[BlackElo "1836"]
[PlyCount "38"]
[EventDate "2017.02.02"]
[EventType "tourn (corr)"]
[EventRounds "6"]
[EventCountry "GER"]
[SourceTitle "Corr 2022"]
[Source "ChessBase"]
[SourceDate "2021.10.24"]
[SourceVersion "1"]
[SourceVersionDate "2021.10.24"]
[SourceQuality "1"]

1. Nf3 Nf6 2. c4 g6 3. Nc3 Bg7 4. e4 d6 5. d4 0-0 6. Be2 e5 7. dxe5 dxe5 8. Qxd8 Rxd8 9. Nxe5 Nxe4 10. Nxe4 Bxe5 11. Bg5 Bxb2 12. Bxd8 Bxa1 13. Bxc7 Nc6 14. Kd2 Bg7 15. Rb1 b6 16. c5 Bf5 17. Bd3 Ne5 18. Bxe5 Bxe5 19. c6 Rc8 0-1

[Event "SC-2017-0-00320"]
[Site "LSS email"]
[Date "2017.04.13"]
[Round "?"]
[White "Winbush, Jerome"]
[Black "De Gouveia, Pedro"]
[Result "1/2-1/2"]
[WhiteElo "1825"]
[BlackElo "1822"]
[PlyCount "53"]
[EventDate "2017.02.02"]
[EventType "tourn (corr)"]
[EventRounds "6"]
[EventCountry "GER"]
[SourceTitle "Corr 2022"]
[Source "ChessBase"]
[SourceDate "2021.10.24"]
[SourceVersion "1"]
[SourceVersionDate "2021.10.24"]
[SourceQuality "1"]

1. Nf3 Nf6 2. c4 c5 3. g3 g6 4. Bg2 Bg7 5. 0-0 0-0 6. Nc3 d5 7. cxd5 Nxd5 8. Nxd5 Qxd5 9. d3 Nc6 10. Be3 Bd7 11. Nd4 Qd6 12. Nxc6 Bxc6 13. Bxc6 Qxc6 14. Rc1 Qe6 15. Rxc5 Qxa2 16. Rb5 Rfb8 17. Qa1 Qe6 18. Rc1 Qg4 19. Rc2 b6 20. Qa6 h5 21. b3 Rc8 22. Ra2 Bf6 23. Qb7 Rcb8 24. Qg2 Kg7 25. Bf4 Rd8 26. h4 Qe6 27. Be3 1/2-1/2

[Event "CP-2016-P-00037"]
[Site "LSS email"]
[Date "2016.09.27"]
[Round "?"]
[White "Winbush, Jerome"]
[Black "Pluemmer, Rolf"]
[Result "1/2-1/2"]
[WhiteElo "1833"]
[BlackElo "2217"]
[PlyCount "43"]
[EventDate "2016.10.01"]
[EventType "tourn (corr)"]
[EventRounds "6"]
[EventCountry "GER"]
[SourceTitle "Corr 2022"]
[Source "ChessBase"]
[SourceDate "2021.10.24"]
[SourceVersion "1"]
[SourceVersionDate "2021.10.24"]
[SourceQuality "1"]

1. Nf3 e6 2. c4 Nf6 3. Nc3 d5 4. d4 c6 5. e3 Nbd7 6. Bd3 dxc4 7. Bxc4 b5 8. Bd3 Bb7 9. 0-0 a6 10. e4 c5 11. d5 Qc7 12. dxe6 fxe6 13. Bc2 Bd6 14. Ng5 Nf8 15. f4 h6 16. Nf3 Bxf4 17. Qe1 N8d7 18. Bxf4 Qxf4 19. Nh4 Qg5 20. Nd5 0-0-0 21. Nf3 Qh5 22. Nf4 1/2-1/2